000 01555nam a2200205 a 4500
008 190916s2015 ag ||||gr|||| 00| 1 spa d
020 _a9789504936763
041 _aspa
092 _c808
_l26
_sFON
100 1 _aFontanarrosa, Roberto.
_94089
245 4 _aUna lección de vida y otros cuentos /
_cRoberto Fontanarrosa
250 _a2a ed.
260 _aBuenos Aires:
_bPlaneta;
_c2015.
300 _a328 p.
_b21x13cm
500 _aFontanarrosa, R. (2015). Una lección de vida y otros cuentos. (2a ed.). Buenos Aires : Planeta.
505 _a"¡Conozco hombres mayores de cuanta años que todavía andan por la calle con el sonajero aferrado en la mano para que no se lo quiten! ¡Hombres de cuarenta años, yo los he visto! Por eso siempre me hizo reír mucho la estúpida pretensión del comunismo de terminar con la propiedad privada. Déle usted a un perro una pelotita de goma y luego intente sacársela. Y son perros que han leído a Marx, créamelo". El profesor Reiener diserta en una mesa de café sobre la nefasta influencia de las revistas femeninas en las mujeres. ¿Sorprender a la pareja cada día?, ¿Intentar vencer la rutina? Todas falacias que ocultan la verdad. Borzone, su oyente, está a punto de casarse y allí recibirá "una lección de vida": la base del matrimonio es la infidelidad. Una lección de vida y otros cuentos incluye además "El verde con los botones forrados", "Toro en Rosario", "Consejos de un padre", entre otros.
590 _aDonación septiembre 2019.
655 _aLiteratura
_92917
942 _2ddc
_cLIT
999 _c3047
_d3047